| 000 -LEADER |
| fixed length control field |
00395nam a22001097a 4500 |
| 082 ## - DEWEY DECIMAL CLASSIFICATION NUMBER |
| Classification number |
D7 In8 |
| 245 ## - TITLE STATEMENT |
| Title |
IIHSG International Conference 2023: security, identity & global governance: India and the worldn |
| 260 ## - PUBLICATION, DISTRIBUTION, ETC. (IMPRINT) |
| Place of publication, distribution, etc |
New Delhi |
| Name of publisher, distributor, etc |
Interdisciplinary Institute of Human Security & Governance |
| Date of publication, distribution, etc |
2023 |
| 300 ## - PHYSICAL DESCRIPTION |
| Extent |
414p. |
| 650 ## - SUBJECT ADDED ENTRY--TOPICAL TERM |
| Topical term or geographic name as entry element |
World politics |
| 9 (RLIN) |
42400 |
| 650 ## - SUBJECT ADDED ENTRY--TOPICAL TERM |
| Topical term or geographic name as entry element |
International cooperation |
| 9 (RLIN) |
42401 |